000 01334cam a22003857a 4500
003 CHAP
005 20220329135941.0
008 971013s1983 r 00010 d
010 _a44573
011 _a45545
035 _a49684
040 _cCHAP
090 _aTesis
100 0 0 _aTéllez Sánchez, José de Jesús.
_9113566
245 1 3 _aLa eficiencia de la comunicación en un área del Plan Puebla; Santa María de Malacatepec
260 _aChapingo, Méx. :
_bEl autor,
_c1983
300 _a159 h.
_b: ilus.
502 _aTesis (M. en C. Esp. en Desarrollo Rural) -- CP.
590 _aALEPH
_b10
_c20130110
_lUCH01
_h1314
590 _aBATCH-UPD
_b10
_c20130109
_lUCH01
_h2317
590 _aBATCH-UPD
_b10
_c20130110
_lUCH01
_h0254
590 _aBATCH-UPD
_b10
_c20130110
_lUCH01
_h1806
590 _aBATCH-UPD
_b10
_c20130409
_lUCH01
_h1838
590 _aBATCH-UPD
_b10
_c20130409
_lUCH01
_h2324
590 _aBATCH-UPD
_b10
_c20130914
_lUCH01
_h1024
590 _aCONVERSION
_b10
_c20130109
_lUCH01
_h1324
650 1 4 _aComunicación en agricultura.
_926212
650 1 4 _aExtensión agrícola
_xPuebla.
_939185
650 1 4 _aPlan Puebla.
_988678
901 _aBK
942 _cFOLL
949 _bBC
_cTES
_d-111971
_eTS1
_i49684
_si
949 _bBC
_cTES
_d-111972
_eTS2
_fc.2
_i49684
_si
949 _bBC
_cTES
_d-111973
_eTS2
_fc.3
_i49684
_si
999 _c44573
_d44573